Les joueurs de football les plus décisifs au 21ème siècle - Statistiques

Statistiques générales
  • Ce quiz a été pris 172 fois
  • Le résultat moyen est 13 sur 20
Statistiques - réponses
Total But Passe décisive Joueur % Correct
1151 898 253 Cristiano Ronaldo
100%
1212 838 374 Lionel Messi
100%
646 440 206 Neymar
95%
659 477 182 Karim Benzema
92%
794 654 140 Robert Lewandowski
90%
800 576 224 Luis Suarez
88%
726 567 159 Zlatan Ibrahimovic
78%
647 411 236 Thierry Henry
77%
537 290 247 Thomas Muller
68%
499 407 92 Harry Kane
66%
532 460 72 Edinson Cavani
65%
510 346 164 Mohamed Salah
64%
541 366 175 Wayne Rooney
62%
544 426 118 Sergio Aguero
61%
476 363 113 Didier Drogba
59%
501 313 188 Ronaldinho
58%
564 426 138 Samuel Eto'o
58%
535 426 109 David Villa
51%
526 419 107 Edin Dzeko
14%
490 235 255 Dusan Tadic
2%
Aucun quiz correspondant
Distribution des résultats
% des personnes avec chaque résultat
Percentile par nombre de réponses
Votre historique - résultats
Vous n’avez pas pris ce quiz